| 000 | 00411nam a2200145 a 4500 | ||
|---|---|---|---|
| 001 | 000030720 | ||
| 005 | 20200930062454.0 | ||
| 008 | 110526s1981 dr a 000 0 spa d | ||
| 040 |
_aDO-SdBNP _bspa _cBNPHU |
||
| 100 | 1 |
_aBello, Andrés _948825 |
|
| 245 | 1 | 0 |
_aDibujos de aves y flores / _cAndrés Bello. |
| 260 |
_aCaracas, Venezuela : _bItalgrafica, _c1981. |
||
| 300 |
_a31 p. : _bil. ; _c28 cm. |
||
| 049 | _aBNPD | ||
| 999 |
_c30212 _d30212 |
||